Normal view
MARC view
- تأليف سليمان، حليم حماد
Entry Personal Name
001 - CONTROL NUMBER
- control field: 62987
003 - CONTROL NUMBER IDENTIFIER
- control field: JO-AjAnu
005 - DATE AND TIME OF LATEST TRANSACTION
- control field: 20230606084302.0
008 - FIXED-LENGTH DATA ELEMENTS
- fixed length control field: 230606|| aca||aabn | a|a d
040 ## - CATALOGING SOURCE
- Original cataloging agency: JO-AjAnu
- Transcribing agency: JO-AjAnu
100 ## - HEADING--PERSONAL NAME
- Personal name: تأليف سليمان، حليم حماد
670 ## - SOURCE DATA FOUND
- Source citation: Work cat.: (JO-AjAnu)32116: تأليف سليمان، حليم حماد, author, أبحاث في فقه اللغة والنحو العربي